00814aab a2200169 i 4500001001000000003001000010005001700020008004100037040001900078041000800097100003100105245008400136300007600220520022500296650001300521773011000534768714001CO-MdFUSB20240422105022.0240411t1985 ag ||||| |||| 00| 0 spa d bspacCO-MdFUSB aspa aRamírez, Eduardo,eautor1 aMúsica en la iglesia : bEntrevista al Prof. Ricardo Vothc/ Ramirez, Eduardo aVolumen 4, número 3 (septiembre, 1985), páginas: 104 - 105c; 27 cm aSegunda parte de la entrevista al Profesor Ricardo Voth (Director del coro del Departamento de Música), en el Instituto Bíblico Buenos Aires, quien da unos conceptos que serán de utilidad para pastores y líderes. 7aLiturgia0 tIglesia y Misión049402gVolumen 4, número 3 (septiembre, 1985), páginas: 104 - 105qpágina: 104